Wird geladen...
The watch gods /
| 1. Verfasser: | |
|---|---|
| Format: | Printed Book |
| Sprache: | English |
| Veröffentlicht: |
London :
New English Library : Times Mirror,
c1981.
|
| LEADER | 00551cam a2200157 a 4500 | ||
|---|---|---|---|
| 008 | 830210s1981 enk 000 1 eng | ||
| 010 | |a 82146381 | ||
| 020 | |a 0450048535 : |c £6.50 | ||
| 082 | 0 | 0 | |a 813.54 |2 19 |
| 100 | 1 | |a Wood, Barbara, |d 1947- | |
| 245 | 1 | 4 | |a The watch gods / |c Barbara Wood. |
| 260 | |a London : |b New English Library : |b Times Mirror, |c c1981. | ||
| 300 | |a 347 p. ; |c 23 cm. | ||
| 942 | |2 ddc |c BK | ||
| 999 | |c 360837 |d 360837 | ||
| 952 | |0 0 |1 0 |2 ddc |4 0 |6 813_540000000000000 |7 0 |9 419427 |a UL |b UL |c PROC |d 2021-09-07 |l 0 |o 813.54 |p G13693 |r 2021-09-07 |w 2021-09-07 |y BK | ||